Projekt SAFEPLACE - návrh konceptu montážneho pracoviska

Ergonomický dizajn pracoviska v každodennej realite. Udržanie zdravia zamestnancov a kvalita vykonanej práce. Komplex ergonomických princípov a finančná náročnosť riešenia. Úroveň flexibility pracovnej stanice. Riešenie výskumného projektu ako podklad pre výrobu prototypu.

Salvato in:
Dettagli Bibliografici
Autore principale: Hulín, Milan
Altri autori: čergeová, zuzana
Natura: Capitolo di libro
Lingua:slovacco
Soggetti:
Tags: Aggiungi Tag
Nessun Tag, puoi essere il primo ad aggiungerne!!

MARC

LEADER 00000naa$a2200000$$$4500
001 0114289
005 20220729110528.3
041 0 |a slo 
044 |a SK 
245 1 0 |a Projekt SAFEPLACE - návrh konceptu montážneho pracoviska  |c Milan Hulín, Zuzana Čergeová 
520 |a Ergonomický dizajn pracoviska v každodennej realite. Udržanie zdravia zamestnancov a kvalita vykonanej práce. Komplex ergonomických princípov a finančná náročnosť riešenia. Úroveň flexibility pracovnej stanice. Riešenie výskumného projektu ako podklad pre výrobu prototypu. 
610 2 0 |a vybavenosť pracoviska 
610 2 0 |a vplyvy na prácu vonkajšie 
610 2 0 |a prostredie pracovné 
610 2 0 |a hodnotenie fyziologické 
610 2 0 |a modely 
610 2 0 |a projekty 
100 1 |a Hulín, Milan 
700 1 |a čergeová, zuzana